Statistics for Words that End in "-tuous"

Click here to take the quiz!

General Stats

  • This quiz has been taken 58 times
  • The average score is 3 of 13

Answer Stats

Answer% Correct
Sumptuous
44%
Virtuous
40%
Fatuous
35%
Tumultuous
33%
Presumptuous
29%
Voluptuous
29%
Tortuous
23%
Tempestuous
17%
Unctuous
17%
Contemptuous
15%
Impetuous
15%
Incestuous
13%
Spirituous
4%

Score Distribution

Percentile by Number Answered

Percent of People with Each Score

Your Score History

You have not taken this quiz